000
00296pab a2200121 454500
008
180718b1989 xxu||||| |||| 00| 0 eng d
245
_a
Special issue on managing the environment
260
_c
1989
300
_a
1-184
650
_a
Environment
773
_a
Journal of Social Issues
909
_a
7707
999
_c
7707
_d
7707